Placements du Danemark aux Championnats d'Europe - Statistiques

Statistiques générales
  • Ce quiz a été pris 8 fois
  • Le résultat moyen est 4 sur 10
Statistiques - réponses
Hint Réponse % Correct
2024 Huitièmes de finale
75%
1992 Vainqueur
75%
2020 Demi-finale
63%
2012 Phase de groupes
50%
1988 Phase de groupes
38%
1964 Quatrième place
38%
1996 Phase de groupes
25%
2000 Phase de groupes
25%
2004 Quarts de finale
13%
1984 Demi-finale
0%
Aucun quiz correspondant
Distribution des résultats
% des personnes avec chaque résultat
Percentile par nombre de réponses
Votre historique - résultats
Vous n’avez pas pris ce quiz